Statistiques concernant Légendes Pokémon Arceus-Tous les Pokémon Barons et les Monarques

Cliquez ici pour prendre le quiz!

Statistiques générales

  • Ce quiz a été pris 10 fois
  • Le résultat moyen est 59 sur 94

Statistiques - réponses

Zone de HisuiPokémon% Correct
Marais Carmin-MonarqueFragilady de Hisui
100%
Plaines Obsidiennes-MonarqueHachécateur
100%
Côte Lazuli-MonarqueArcanin de Hisui
89%
Contrefort Couronné-MonarqueElectrode de Hisui
89%
Plaines ObsidiennesGalopa
89%
Plaines ObsidiennesMusteflott
89%
Côte LazuliPingoleon
89%
Plaines ObsidiennesRonflex
89%
Marais CarminRoserade
89%
Plaines ObsidiennesSimiabraz
89%
Marais CarminTorterra
89%
Marais CarminBouldeneu
78%
Côte LazuliDrascore
78%
Contrefort CouronnéElekable
78%
Contrefort CouronnéGrolem
78%
Côte LazuliKaimorse
78%
Plaines ObsidiennesLeuphorie
78%
Côte LazuliLeveinard
78%
Côte LazuliLeviator
78%
Plaines ObsidiennesLéviator
78%
Contrefort CouronnéLuxray
78%
Terres ImmaculéesOniglali
78%
Terres Immaculées-UniqueOniglali
78%
Marais CarminOnix
78%
Contrefort CouronnéRhinastoc
78%
Terres Immaculées-MonarqueSeracrawl de Hisui
78%
Marais CarminUrsaring
78%
Marais CarminUrsaring
78%
Plaines ObsidiennesAlakazam
67%
Contrefort CouronnéArcheodong
67%
Côte LazuliCapidextre
67%
Terres ImmaculéesCarchacrok
67%
Plaines ObsidiennesCastorno
67%
Côte LazuliChaffreux
67%
Marais CarminCorboss
67%
Terres ImmaculéesGallame
67%
Terres ImmaculéesGardevoir
67%
Plaines ObsidiennesGravalanch
67%
Marais CarminHippodocus
67%
Plaines ObsidiennesInsécateur
67%
Côte LazuliLumineon
67%
Côte LazuliMachopeur
67%
Terres ImmaculéesMackogneur
67%
Terres ImmaculéesMomartik
67%
Plaines Obsidiennes-UniqueMuplodocus de Hisui
67%
Contrefort CouronnéMuplodocus de Hisui
67%
Côte LazuliOctillery
67%
Plaines ObsidiennesParasect
67%
Contrefort CouronnéScorvol
67%
Contrefort CouronnéTarinorme
67%
Marais CarminYanmega
67%
Terres Immaculées-UniqueZoroark de Hisui
67%
Marais CarminApireine
56%
Plaines Obsidiennes-UniqueApireine
56%
Terres ImmaculéesBlizzaroi
56%
Contrefort CouronnéCarmache
56%
Marais CarminCoatox
56%
Côte LazuliDemanta
56%
Plaines ObsidiennesEtourvol
56%
Terres ImmaculéesFarfuret de Hisui
56%
Plaines ObsidiennesLockpin
56%
Plaines ObsidiennesLuxio
56%
Terres ImmaculéesMammochon
56%
Contrefort CouronnéMelodelfe
56%
Marais CarminMoufflair
56%
Côte LazuliNoctunoir
56%
Contrefort CouronnéNostenfer
56%
Côte LazuliPapilord
56%
Contrefort CouronnéPapinox
56%
Marais Carmin-UniqueQwilpik
56%
Marais CarminRaichu
56%
Plaines ObsidiennesCerfrousse
44%
Marais CarminColimucus de Hisui
44%
Marais CarminCoudlangue
44%
Terres ImmaculéesEoko
44%
Terres ImmaculéesLucario
44%
Plaines ObsidiennesMagicarpe
44%
Contrefort CouronnéMagireve
44%
Plaines Obsidiennes-UniqueMelokrik
44%
Plaines ObsidiennesMelokrik
44%
Plaines ObsidiennesNosferalto
44%
Marais CarminPachirisu
44%
Contrefort CouronnéScorplane
44%
Côte LazuliTentacruel
44%
Marais CarminVortente
44%
Contrefort CouronnéVortente
44%
Côte LazuliAkwakwak
33%
Terres ImmaculéesCochignon
33%
Terres ImmaculéesElektek
33%
Côte LazuliFeunard
33%
Côte LazuliTritosor
33%
Terres ImmaculéesMarcacrin
22%
Plaines ObsidiennesScarhino
22%
Marais CarminRhinocorne
11%

Distribution des résultats

Percentile par nombre de réponses

% des personnes avec chaque résultat

Votre développement - résultats

Vous n’avez pas pris ce quiz